Advanced RF MEMS / (Record no. 17471)
[ view plain ]
| 000 -LEADER | |
|---|---|
| fixed length control field | 03087cam a22002534a 4500 |
| 001 - CONTROL NUMBER | |
| control field | 16175936 |
| 005 - DATE AND TIME OF LATEST TRANSACTION | |
| control field | 20130516124739.0 |
| 008 - FIXED-LENGTH DATA ELEMENTS--GENERAL INFORMATION | |
| fixed length control field | 100407s2010 nyua b 001 0 eng |
| 010 ## - LIBRARY OF CONGRESS CONTROL NUMBER | |
| LC control number | 2010014780 |
| 020 ## - INTERNATIONAL STANDARD BOOK NUMBER | |
| International Standard Book Number | 9780521897716 (hardback) |
| 082 00 - DEWEY DECIMAL CLASSIFICATION NUMBER | |
| Classification number | 621.381 |
| Edition number | 22 |
| Item number | LUC |
| 100 1# - MAIN ENTRY--PERSONAL NAME | |
| Personal name | Lucyszyn, S. |
| Fuller form of name | (Stepan) |
| 9 (RLIN) | 33208 |
| 245 10 - TITLE STATEMENT | |
| Title | Advanced RF MEMS / |
| Statement of responsibility, etc | Stepan Lucyszyn. |
| 260 ## - PUBLICATION, DISTRIBUTION, ETC. (IMPRINT) | |
| Place of publication, distribution, etc | New York : |
| Name of publisher, distributor, etc | Cambridge University Press, |
| Date of publication, distribution, etc | c2010. |
| 300 ## - PHYSICAL DESCRIPTION | |
| Extent | xxviii, 412 p. : |
| Other physical details | ill. ; |
| Dimensions | 26 cm. |
| 490 0# - Series Statement | |
| Series statement | The Cambridge RF and microwave engineering series |
| 504 ## - BIBLIOGRAPHY, ETC. NOTE | |
| Bibliography, etc | Includes bibliographical references and index. |
| 505 8# - FORMATTED CONTENTS NOTE | |
| Formatted contents note | Machine generated contents note: 1. Introduction S. Lucyszyn; 2. Electromechanical modelling of electrostatic actuators D. Elata and V. Leus; 3. Switches and their fabrication technologies T. Lisec; 4. Niche switch technologies S. Lucyszyn, S. Pranonsatit, J. Y. Choi and A. Holmes; 5. Reliability I. De Wolf; 6. Dielectric charging G. Papaioannou; 7. Stress and thermal characterisation R. Y. Fillit and R. Fortunier; 8. High power handling F. Coccetti and R. Plana; 9. Packaging H. Tilmans, A. Jourdain and P. De Moor; 10. Impedance tuners and tuneable filters A. Pothier and T. Va;ha;-Heikkila;; 11. Phase shifters and tunable delay lines L. Dussopt; 12. Reconfigurable architectures T. Va;ha;-Heikkila;; 13. Industry roadmap for RF MEMS J. Bouchaud, R. Sorrentino, B. Knoblich, H. Tilmans and F. Coccetti. |
| 520 ## - SUMMARY, ETC. | |
| Summary, etc | "An up-to-date guide to the theory and applications of RF MEMS. With detailed information about RF MEMS technology as well as its reliability and applications, this is a comprehensive resource for professionals, researchers, and students alike. Reviews RF MEMS technologies -- Illustrates new techniques that solve long-standing problems associated with reliability and packaging --Provides the information needed to incorporate RF MEMS into commercial products -- Describes current and future trends in RF MEMS, providing perspective on industry growth -- Ideal for those studying or working in RF and microwave circuits, systems, microfabrication and manufacturing, production management and metrology, and performance evaluation"-- |
| 520 ## - SUMMARY, ETC. | |
| Summary, etc | "Advanced RF MEMS is an up-to-date guide to the theory and applications of RF MEMS. With detailed information about RF MEMS technology as well as its reliability and applications, this is a comprehensive resource for professionals, researchers, and students alike. This book Reviews RF MEMS technologies; Illustrates new techniques that solve long-standing problems associated with reliability and packaging; provides the information needed to incorporate RF MEMS into commercial products; describes current and future trends in RF MEMS, providing perspective on industry growth; and is ideal for those studying or working in RF and microwave circuits, systems, microfabrication and manufacturing, production management and metrology, and performance evaluation"-- |
| 650 #0 - SUBJECT ADDED ENTRY--TOPICAL TERM | |
| Topical term or geographic name as entry element | Radio frequency microelectromechanical systems. |
| 9 (RLIN) | 33209 |
| 653 ## - INDEX TERM--UNCONTROLLED | |
| Resource For college | |
| Arrived date list | May2013 |
| 942 ## - ADDED ENTRY ELEMENTS (KOHA) | |
| Source of classification or shelving scheme | Dewey Decimal Classification |
| Item type | Book - Borrowing |
| Withdrawn status | Item status | Source of classification or shelving scheme | Damaged status | Not for loan | Vendor | Home library | Current library | Shelving location | Date acquired | Source of acquisition | Cost, normal purchase price | Serial Enumeration / chronology | Total Checkouts | Full call number | Barcode | Date last seen | Date last borrowed | Cost, replacement price | Koha item type |
|---|---|---|---|---|---|---|---|---|---|---|---|---|---|---|---|---|---|---|---|
| Dewey Decimal Classification | Baccah | Central Library | Central Library | First floor | 16/05/2013 | 720.00 | 17733 | 1 | 621.381 LUC | 000028742 | 15/07/2025 | 03/01/2018 | 900.00 | Book - Borrowing |